| 000 | 00447nam a2200157 4500 | ||
|---|---|---|---|
| 001 | 118918 | ||
| 003 | ES-MaACL | ||
| 005 | 20230906191214.0 | ||
| 007 | t| | ||
| 008 | 070214s1963 sp r ||||1| cat d | ||
| 100 | 1 |
_aPey Estrany, Santiago. _991585 |
|
| 245 | 1 | 0 |
_aIntroducció al disseny industrial / _cSantiago Pey Estrany. |
| 260 |
_aBarcelona : _bRafael Dalmau, _c1963. |
||
| 300 |
_a58 p. ; _c19 cm. |
||
| 852 |
_aES-MaACL _jC-29930 _bR.56972 |
||
| 999 |
_c118918 _d118918 |
||